| 000 | 00476nam a22001697a 4500 | ||
|---|---|---|---|
| 003 | NUST - PNEC | ||
| 005 | 20170116180951.0 | ||
| 008 | 150908b xxu||||| |||| 00| 0 eng d | ||
| 020 | _a0675204321 | ||
| 040 | _cLIBRARY | ||
| 082 | _a621.38154 GIL | ||
| 100 |
_99155 _aGillies, Robert B. |
||
| 245 |
_aInstrumentation and measurements for electronic technicians _cRobert B. Gillies |
||
| 260 | _cc.1988 | ||
| 650 |
_95956 _aElectronic instruments _xEE, EL |
||
| 942 |
_2ddc _cBK |
||
| 999 |
_c66430 _d66430 |
||